000 00426nam a22001697a 4500
003 NUST - PNEC
005 20170116180836.0
008 150810b xxu||||| |||| 00| 0 eng d
020 _a8178085666
040 _cLIBRARY
082 _a531 GOL
100 _95013
_a Goldstein, Herbert
245 _aClassical mechanics
_c Herbert, Goldstein
250 _a3th ed
650 _95014
_aMechanics, Analytic
_xME
942 _2ddc
_cBK
999 _c64234
_d64234